ბათუმის შოთა რუსთაველის სახელმწიფო უნივერსიტეტის ბიბლიოთეკა

დანგრეული ბუდეები (ბიბ.ჩანაწერი № 46880)

000 -LEADER
fixed length control field 00385nam a2200133Ia 4500
001 - CONTROL NUMBER
control field 13733
003 - CONTROL NUMBER IDENTIFIER
control field GE_BSU
008 - FIXED-LENGTH DATA ELEMENTS--GENERAL INFORMATION
fixed length control field 181216s||||||||xx |||||||||||||| ||und||
040 ## - CATALOGING SOURCE
Transcribing agency GE_BSU
100 ## - MAIN ENTRY--PERSONAL NAME
Personal name ლორთქიფანიძე,ნიკო
245 ## - TITLE STATEMENT
Title დანგრეული ბუდეები
653 ## - INDEX TERM--UNCONTROLLED
Uncontrolled term დანგრეული ბუდეები
942 ## - ADDED ENTRY ELEMENTS (KOHA)
Koha item type წიგნი

არაა ხელმისაწვდომი ეგზემპლარები.